000 00625nam a2200229Ia 4500
003 OSt
005 20220928111213.0
006 a|||||r|||| 00| 0
007 ta
008 220927b |||||||| |||| 00| 0 eng d
024 _a61895
037 _cTextual
040 _aSDCL
_cSDCL
_beng
041 _2eng
_aeng
082 _aO15,1N36,4, P3
100 _aDixit Hari Narayan
_9422495
245 0 _aBharat mata broote
_b Iswopat Hindi
260 _aDelhi
_bEastern Book Linkers
_c2003
300 _a668p
_ccm.
942 _hO15,1N36,4, P3
_cTEXL
_2CC
999 _c738911
_d738911